[Event "Biel ATO 57th"]
[Site "Biel"]
[Date "2024.07.22"]
[Round "6"]
[White "Hansen, Michael Bo"]
[Black "Schmid, Nicolas"]
[Result "0-1"]
[WhiteElo "1747"]
[BlackElo "1888"]
[PlyCount "132"]
[EventDate "2024.07.16"]
[EventType "swiss"]
[EventRounds "9"]
[EventCountry "SUI"]
[SourceTitle "EXT 2025"]
[Source "ChessBase"]
[SourceDate "2024.10.14"]
[SourceVersion "1"]
[SourceVersionDate "2024.10.14"]
[SourceQuality "1"]

1. d4 Nf6 2. c4 e6 3. Nc3 Bb4 4. Qc2 d5 5. e3 0-0 6. Bd3 dxc4 7. Bxc4 a6 8. a3 Be7 9. Nge2 b5 10. Bd3 Bb7 11. 0-0 c5 12. dxc5 Nbd7 13. b4 Ne5 14. Rd1 Qc7 15. Bb2 Rfd8 16. Ng3 h5 17. Nce4 h4 18. Nxf6+ gxf6 19. Bxe5 Qxe5 20. Nf1 Rac8 21. Rac1 Kh8 22. f3 f5 23. Qc3 Qxc3 24. Rxc3 Bf6 25. Rc2 Bd5 26. Be2 Bb3 27. Rxd8+ Rxd8 28. Rd2 Rd5 29. Rxd5 Bxd5 30. Nd2 Bb2 31. Nb1 Kg7 32. Bd3 Kf6 33. Kf2 Ba2 34. e4 f4 35. g3 hxg3+ 36. hxg3 fxg3+ 37. Kxg3 Bxb1 38. Bxb1 Bxa3 39. e5+ Kxe5 40. f4+ Kf6 41. Be4 Ke7 42. Bb7 a5 43. c6 Kd6 44. bxa5 Bc5 45. c7 Kxc7 46. Be4 Kd6 47. f5 Ke5 48. fxe6 fxe6 49. Kf3 Kd4 50. Bb1 e5 51. Ke2 e4 52. a6 e3 53. Bf5 Kc3 54. Be4 b4 55. Kd1 Kb2 56. Bd5 b3 57. Bf3 Ka1 58. Be4 b2 59. Ke2 b1Q 60. Bxb1 Kxb1 61. Kd1 Kb2 62. a7 Bxa7 63. Ke2 Kc3 64. Kd1 Kd3 65. Ke1 Bb8 66. Kd1 e2+ 0-1

[Event "RC-2015-0-00176"]
[Site "LSS email"]
[Date "2015.08.08"]
[Round "?"]
[White "Hansen, Michael Bo"]
[Black "Castignani, Fausto"]
[Result "1/2-1/2"]
[WhiteElo "1984"]
[BlackElo "1893"]
[PlyCount "57"]
[EventDate "2015.06.17"]
[EventType "tourn (corr)"]
[EventRounds "6"]
[EventCountry "GER"]
[SourceTitle "Corr 2022"]
[Source "ChessBase"]
[SourceDate "2021.10.24"]
[SourceVersion "1"]
[SourceVersionDate "2021.10.24"]
[SourceQuality "1"]

1. d4 Nf6 2. c4 e6 3. Nf3 Bb4+ 4. Nbd2 b6 5. g3 Bb7 6. Bg2 0-0 7. 0-0 d5 8. a3 Be7 9. cxd5 exd5 10. Ne5 c5 11. dxc5 Qc7 12. c6 Nxc6 13. Nd3 Rfe8 14. b3 Rad8 15. Bb2 Ne4 16. b4 Bf6 17. Bxf6 Nxf6 18. Nf3 Ba6 19. Qc2 Bc4 20. Rfd1 Ne4 21. e3 b5 22. Nf4 h6 23. Nd4 Nxd4 24. Rxd4 Qe7 25. Rad1 Rc8 26. Bh3 Rc7 27. Rc1 Rc6 28. Qb2 Rd6 29. Bg4 1/2-1/2

[Event "RC-2015-0-00176"]
[Site "LSS email"]
[Date "2015.08.06"]
[Round "?"]
[White "Malmstrom, Jan"]
[Black "Hansen, Michael Bo"]
[Result "1-0"]
[WhiteElo "1830"]
[BlackElo "1984"]
[PlyCount "77"]
[EventDate "2015.06.17"]
[EventType "tourn (corr)"]
[EventRounds "6"]
[EventCountry "GER"]
[SourceTitle "Corr 2022"]
[Source "ChessBase"]
[SourceDate "2021.10.24"]
[SourceVersion "1"]
[SourceVersionDate "2021.10.24"]
[SourceQuality "1"]

1. e4 c5 2. Nf3 d6 3. d4 cxd4 4. Nxd4 Nf6 5. Nc3 a6 6. Be2 e5 7. Nb3 Be7 8. 0-0 Be6 9. Be3 Nbd7 10. f4 exf4 11. Bxf4 Ne5 12. Nd4 0-0 13. Qd2 Qb6 14. a4 Rac8 15. a5 Qc7 16. h3 Rfe8 17. Kh1 Bd8 18. Rfd1 Bd7 19. Nf5 Bxf5 20. exf5 h6 21. Qxd6 Qxd6 22. Rxd6 Nc4 23. Bxc4 Rxc4 24. Be3 Bxa5 25. Rxa5 Rxe3 26. Rd2 Kh7 27. Kg1 Re1+ 28. Kf2 Rc1 29. Ke3 Rc7 30. Re5 h5 31. Kf3 Kh6 32. g3 Kg5 33. Kg2 b5 34. h4+ Kh6 35. Ree2 Rc5 36. Rd6 Kh7 37. Rb6 Rxf5 38. Rxa6 Ng4 39. Ne4 1-0

[Event "RC-2015-0-00175"]
[Site "LSS email"]
[Date "2015.08.02"]
[Round "?"]
[White "Hansen, Michael Bo"]
[Black "Henke, Simon"]
[Result "1-0"]
[WhiteElo "1931"]
[BlackElo "1561"]
[PlyCount "47"]
[EventDate "2015.06.05"]
[EventType "tourn (corr)"]
[EventRounds "6"]
[EventCountry "GER"]
[SourceTitle "Corr 2022"]
[Source "ChessBase"]
[SourceDate "2021.10.24"]
[SourceVersion "1"]
[SourceVersionDate "2021.10.24"]
[SourceQuality "1"]

1. d4 Nf6 2. c4 e6 3. Nf3 Bb4+ 4. Bd2 Qe7 5. Nc3 Bxc3 6. Bxc3 Ne4 7. Qc2 f5 8. g3 b6 9. Bg2 Bb7 10. Nd2 Nd6 11. d5 0-0 12. 0-0 Na6 13. e4 exd5 14. cxd5 fxe4 15. Nxe4 Qf7 16. Rae1 h6 17. Nxd6 cxd6 18. Re4 Qf5 19. Qd1 Rae8 20. Rf4 Qh7 21. Rg4 Rf7 22. Re1 Rfe7 23. Rxe7 Rxe7 24. Bf1 1-0

[Event "RB-2015-0-00283"]
[Site "LSS email"]
[Date "2015.07.04"]
[Round "?"]
[White "Hansen, Michael Bo"]
[Black "Korinek, Jaroslav"]
[Result "1-0"]
[WhiteElo "1891"]
[BlackElo "1882"]
[PlyCount "47"]
[EventDate "2015.05.16"]
[EventType "tourn (corr)"]
[EventRounds "6"]
[EventCountry "GER"]
[SourceTitle "Corr 2022"]
[Source "ChessBase"]
[SourceDate "2021.10.24"]
[SourceVersion "1"]
[SourceVersionDate "2021.10.24"]
[SourceQuality "1"]

1. d4 Nf6 2. c4 e6 3. Nf3 d5 4. g3 Bb4+ 5. Bd2 Be7 6. Bg2 c6 7. Qc2 0-0 8. 0-0 Nbd7 9. Rd1 b6 10. Bf4 Bb7 11. b3 c5 12. Nc3 dxc4 13. dxc5 cxb3 14. axb3 Bxc5 15. Ne5 Nxe5 16. Rxd8 Raxd8 17. Bxb7 Ng6 18. Bc1 Rd7 19. Ba6 Rfd8 20. Kg2 h6 21. Ra4 Bf8 22. Qb1 Ne7 23. Qa1 Rc7 24. Bxh6 1-0

[Event "RB-2015-0-00283"]
[Site "LSS email"]
[Date "2015.07.04"]
[Round "?"]
[White "Hansen, Michael Bo"]
[Black "Kudr, Roman"]
[Result "1/2-1/2"]
[WhiteElo "1891"]
[BlackElo "2183"]
[PlyCount "68"]
[EventDate "2015.05.16"]
[EventType "tourn (corr)"]
[EventRounds "6"]
[EventCountry "GER"]
[SourceTitle "Corr 2022"]
[Source "ChessBase"]
[SourceDate "2021.10.24"]
[SourceVersion "1"]
[SourceVersionDate "2021.10.24"]
[SourceQuality "1"]

1. d4 d5 2. c4 e6 3. Nf3 Nf6 4. g3 Be7 5. Bg2 0-0 6. 0-0 c6 7. Nc3 Nbd7 8. Qd3 b6 9. cxd5 cxd5 10. Bf4 Bb7 11. Nb5 Ne8 12. Rac1 g5 13. Bd2 a6 14. Na3 Kg7 15. Ne5 Nd6 16. f4 Ne4 17. Nxd7 Qxd7 18. fxg5 Nxg5 19. Bf4 Rac8 20. Rxc8 Rxc8 21. Qe3 f6 22. Bxg5 fxg5 23. Qe5+ Kg8 24. Bh3 Rc6 25. Nc2 Bc8 26. Ne1 Qd6 27. Qe3 e5 28. Qf2 Qg6 29. Nf3 Bxh3 30. Nxe5 Qe8 31. Nxc6 Bxf1 32. Nxe7+ Qxe7 33. Kxf1 Qe4 34. Qf3 Qxd4 1/2-1/2

[Event "RC-2015-0-00172"]
[Site "LSS email"]
[Date "2015.06.18"]
[Round "?"]
[White "Bujdak, Pavel"]
[Black "Hansen, Michael Bo"]
[Result "1/2-1/2"]
[WhiteElo "1696"]
[BlackElo "800"]
[PlyCount "57"]
[EventDate "2015.02.12"]
[EventType "tourn (corr)"]
[EventRounds "6"]
[EventCountry "GER"]
[SourceTitle "Corr 2022"]
[Source "ChessBase"]
[SourceDate "2021.10.24"]
[SourceVersion "1"]
[SourceVersionDate "2021.10.24"]
[SourceQuality "1"]

1. e4 c5 2. Nf3 d6 3. d4 cxd4 4. Nxd4 Nf6 5. Nc3 a6 6. Be3 Ng4 7. Bg5 h6 8. Bh4 g5 9. Bg3 Bg7 10. h3 Ne5 11. Nf5 Bxf5 12. exf5 Nbc6 13. Nd5 e6 14. fxe6 fxe6 15. Ne3 Qa5+ 16. c3 Nf3+ 17. Qxf3 Bxc3+ 18. Kd1 Qa4+ 19. Nc2 Bxb2 20. Rc1 Bxc1 21. Qf6 Kd7 22. Kxc1 Rac8 23. Bd3 Rhe8 24. Rd1 Nd4 25. Rd2 e5 26. Qf7+ Re7 27. Bf5+ Nxf5 28. Qxf5+ Re6 29. Qf7+ 1/2-1/2

[Event "RC-2015-0-00172"]
[Site "LSS email"]
[Date "2015.06.18"]
[Round "?"]
[White "Crapulli, Giuseppe"]
[Black "Hansen, Michael Bo"]
[Result "1/2-1/2"]
[WhiteElo "1700"]
[BlackElo "800"]
[PlyCount "69"]
[EventDate "2015.02.12"]
[EventType "tourn (corr)"]
[EventRounds "6"]
[EventCountry "GER"]
[SourceTitle "Corr 2022"]
[Source "ChessBase"]
[SourceDate "2021.10.24"]
[SourceVersion "1"]
[SourceVersionDate "2021.10.24"]
[SourceQuality "1"]

1. e4 c5 2. Nf3 d6 3. d4 cxd4 4. Nxd4 Nf6 5. Nc3 a6 6. Bg5 e6 7. f4 Qb6 8. Qd2 Qxb2 9. Rb1 Qa3 10. e5 dxe5 11. fxe5 h6 12. Bh4 Nfd7 13. Ne4 Qxa2 14. Rd1 Qd5 15. Qe3 Qxe5 16. Be2 Bc5 17. Bg3 Qd5 18. c4 Bxd4 19. Rxd4 Qa5+ 20. Rd2 0-0 21. Bd6 Rd8 22. g4 Nc6 23. 0-0 Nde5 24. h4 Rxd6 25. Nxd6 b6 26. g5 Qc5 27. Qxc5 bxc5 28. Bh5 hxg5 29. hxg5 Nd4 30. Bxf7+ Kf8 31. Bh5+ Ke7 32. Ne4 Nf5 33. Nxc5 Ne3 34. Rc1 a5 35. Be2 1/2-1/2

[Event "ZI-2015-0-01984"]
[Site "LSS email"]
[Date "2015.06.13"]
[Round "?"]
[White "Dlugolecki, Grzegorz"]
[Black "Hansen, Michael Bo"]
[Result "0-1"]
[WhiteElo "1611"]
[BlackElo "1943"]
[PlyCount "74"]
[EventDate "2015.06.06"]
[EventType "match (corr)"]
[EventRounds "2"]
[EventCountry "GER"]
[SourceTitle "Corr 2022"]
[Source "ChessBase"]
[SourceDate "2021.10.24"]
[SourceVersion "1"]
[SourceVersionDate "2021.10.24"]
[SourceQuality "1"]

1. e4 c5 2. Nf3 d6 3. d4 cxd4 4. Nxd4 Nf6 5. Nc3 a6 6. Bg5 e6 7. Qf3 Nbd7 8. Be2 h6 9. Be3 Qc7 10. a4 b6 11. 0-0 Bb7 12. Bd3 Be7 13. Qg3 h5 14. Bg5 h4 15. Qh3 Nc5 16. Rad1 Rc8 17. Rfe1 Kf8 18. Qe3 h3 19. gxh3 g6 20. Nb3 Nxd3 21. cxd3 Kg7 22. h4 Ng4 23. Qf4 Ne5 24. Nd4 Rh5 25. Re3 Rch8 26. Kf1 Bc8 27. Bxe7 Qxe7 28. Rh3 Qd8 29. Qg3 Kf8 30. f4 Ng4 31. Ke2 e5 32. Nf3 exf4 33. Qxf4 g5 34. Qc1 Ne5 35. Rg3 g4 36. Nxe5 dxe5 37. Rh1 Rxh4 0-1

[Event "ZI-2015-0-01984"]
[Site "LSS email"]
[Date "2015.06.13"]
[Round "?"]
[White "Hansen, Michael Bo"]
[Black "Dlugolecki, Grzegorz"]
[Result "1-0"]
[WhiteElo "1943"]
[BlackElo "1611"]
[PlyCount "77"]
[EventDate "2015.06.06"]
[EventType "match (corr)"]
[EventRounds "2"]
[EventCountry "GER"]
[SourceTitle "Corr 2022"]
[Source "ChessBase"]
[SourceDate "2021.10.24"]
[SourceVersion "1"]
[SourceVersionDate "2021.10.24"]
[SourceQuality "1"]

1. d4 Nf6 2. c4 e6 3. Nf3 Be7 4. Nc3 d5 5. Bf4 0-0 6. Rc1 c5 7. dxc5 Bxc5 8. e3 Be7 9. cxd5 Nxd5 10. Nxd5 exd5 11. Qa4 Bd7 12. Bb5 a6 13. Bc7 Bxb5 14. Bxd8 Bxa4 15. Bxe7 Re8 16. Bc5 Bb5 17. b3 Nd7 18. Kd2 Rac8 19. Bb4 Nf6 20. Rhd1 a5 21. Ba3 Ba6 22. Ke1 a4 23. Nd4 h6 24. Bb2 Rxc1 25. Rxc1 Bd3 26. Kd2 Bh7 27. f3 Ra8 28. Rc7 Ne8 29. Rxb7 Bb1 30. Rb4 a3 31. Bc1 Bxa2 32. Ra4 Rxa4 33. bxa4 Nd6 34. Kc3 f6 35. a5 Bc4 36. Bxa3 Nb5+ 37. Kb4 Nxd4 38. exd4 Ba6 39. Kc5 1-0

[Event "ZI-2015-0-01980"]
[Site "LSS email"]
[Date "2015.06.07"]
[Round "?"]
[White "Hansen, Michael Bo"]
[Black "Mohandoussaid, Malik"]
[Result "1-0"]
[WhiteElo "1915"]
[BlackElo "1370"]
[PlyCount "35"]
[EventDate "2015.05.26"]
[EventType "match (corr)"]
[EventRounds "2"]
[EventCountry "GER"]
[SourceTitle "Corr 2022"]
[Source "ChessBase"]
[SourceDate "2021.10.24"]
[SourceVersion "1"]
[SourceVersionDate "2021.10.24"]
[SourceQuality "1"]

1. d4 d5 2. c4 c6 3. Nf3 Nf6 4. Nc3 dxc4 5. a4 e6 6. e3 Bb4 7. Bxc4 0-0 8. 0-0 Nbd7 9. Qc2 Bxc3 10. bxc3 Re8 11. e4 e5 12. Bxf7+ Kxf7 13. Qa2+ Kf8 14. Ba3+ c5 15. Ng5 Qe7 16. dxc5 Nxc5 17. Bxc5 h6 18. Qf7# 1-0

[Event "RC-2015-0-00171"]
[Site "LSS email"]
[Date "2015.06.01"]
[Round "?"]
[White "Bujdak, Pavel"]
[Black "Hansen, Michael Bo"]
[Result "0-1"]
[WhiteElo "1698"]
[BlackElo "800"]
[PlyCount "134"]
[EventDate "2015.02.02"]
[EventType "tourn (corr)"]
[EventRounds "6"]
[EventCountry "GER"]
[SourceTitle "Corr 2022"]
[Source "ChessBase"]
[SourceDate "2021.10.24"]
[SourceVersion "1"]
[SourceVersionDate "2021.10.24"]
[SourceQuality "1"]

1. e4 c5 2. Nf3 d6 3. d4 cxd4 4. Nxd4 Nf6 5. Nc3 a6 6. h3 Nbd7 7. g4 h6 8. Bg2 Qc7 9. Be3 Ne5 10. Qe2 Nc4 11. Bc1 Bd7 12. f4 e5 13. Nf5 exf4 14. Bxf4 Nxb2 15. Nd5 Nxd5 16. exd5+ Kd8 17. 0-0 Bxf5 18. gxf5 Be7 19. Rab1 Bf6 20. Qe1 b5 21. Qb4 Nc4 22. Kh1 Rb8 23. Rfe1 Re8 24. Rxe8+ Kxe8 25. Bf1 Be5 26. Bxc4 Bxf4 27. a4 Kf8 28. axb5 Qb6 29. Kg2 Qd8 30. Qc3 Qg5+ 31. Kh1 axb5 32. Qf3 Qxf5 33. Bd3 Qe5 34. Rxb5 Rxb5 35. Bxb5 Qe1+ 36. Qf1 Qd2 37. Qg2 Qd1+ 38. Bf1 g6 39. c4 Kg7 40. Qe2 Qa1 41. Kg2 Be5 42. Kf3 h5 43. Kg2 Bd4 44. Kh1 Bc5 45. Qg2 Qd4 46. Be2 Kh6 47. Qf1 f5 48. Kg2 g5 49. Bd3 f4 50. Be2 Qe3 51. Kh1 Qg3 52. Qg2 Qe1+ 53. Qf1 Qxf1+ 54. Bxf1 f3 55. Kh2 g4 56. Kg3 Kg5 57. hxg4 hxg4 58. Bd3 Bb4 59. Bf1 Be1+ 60. Kh2 Bf2 61. c5 g3+ 62. Kh3 g2 63. Bxg2 fxg2 64. Kxg2 Bxc5 65. Kf3 Kf5 66. Ke2 Ke4 67. Kd2 Kxd5 0-1

[Event "RD-2015-0-00114"]
[Site "LSS email"]
[Date "2015.05.29"]
[Round "?"]
[White "Hansen, Michael Bo"]
[Black "Sofia, Gerardo"]
[Result "1-0"]
[WhiteElo "800"]
[BlackElo "1520"]
[PlyCount "61"]
[EventDate "2015.01.04"]
[EventType "tourn (corr)"]
[EventRounds "6"]
[EventCountry "GER"]
[SourceTitle "Corr 2022"]
[Source "ChessBase"]
[SourceDate "2021.10.24"]
[SourceVersion "1"]
[SourceVersionDate "2021.10.24"]
[SourceQuality "1"]

1. d4 Nf6 2. c4 g6 3. Nc3 Bg7 4. e4 d6 5. Nf3 0-0 6. h3 Nbd7 7. Be3 e5 8. d5 a5 9. Bd3 Nh5 10. 0-0 Nc5 11. Bc2 Bd7 12. a3 Nf4 13. Re1 Qf6 14. Rb1 Rfd8 15. b4 axb4 16. axb4 Na6 17. c5 Nb8 18. Ba4 Qe7 19. Bxd7 Nxd7 20. c6 bxc6 21. dxc6 Nf6 22. Bxf4 exf4 23. b5 d5 24. exd5 Qc5 25. b6 Nxd5 26. Nxd5 Rxd5 27. b7 Rb8 28. Qa4 Bd4 29. Nxd4 Rxd4 30. Qb5 Qd6 31. Qe5 1-0

[Event "RD-2015-0-00114"]
[Site "LSS email"]
[Date "2015.05.26"]
[Round "?"]
[White "Hansen, Michael Bo"]
[Black "Drobotov, Gennady Sergeevich"]
[Result "1-0"]
[WhiteElo "800"]
[BlackElo "1561"]
[PlyCount "47"]
[EventDate "2015.01.04"]
[EventType "tourn (corr)"]
[EventRounds "6"]
[EventCountry "GER"]
[SourceTitle "Corr 2022"]
[Source "ChessBase"]
[SourceDate "2021.10.24"]
[SourceVersion "1"]
[SourceVersionDate "2021.10.24"]
[SourceQuality "1"]

1. d4 d5 2. c4 c6 3. Nf3 Nf6 4. Nc3 dxc4 5. a4 Bf5 6. Ne5 Nbd7 7. Nxc4 Qc7 8. Qd2 Nb6 9. Ne5 g6 10. f3 Be6 11. e4 a5 12. Qf2 Bg7 13. Bf4 Nh5 14. Be3 Bxe5 15. dxe5 Nc4 16. Bxc4 Bxc4 17. f4 0-0 18. g4 Ng7 19. Bb6 Qb8 20. 0-0-0 Ra6 21. f5 Rxb6 22. Qxb6 Qxe5 23. Rd2 Ba6 24. Rhd1 1-0

[Event "OP-2015-0-03727"]
[Site "LSS email"]
[Date "2015.05.26"]
[Round "?"]
[White "Hosak, Wilfried"]
[Black "Hansen, Michael Bo"]
[Result "1/2-1/2"]
[WhiteElo "1817"]
[BlackElo "1910"]
[PlyCount "71"]
[EventDate "2015.05.21"]
[EventType "tourn (corr)"]
[EventRounds "4"]
[EventCountry "GER"]
[SourceTitle "Corr 2022"]
[Source "ChessBase"]
[SourceDate "2021.10.24"]
[SourceVersion "1"]
[SourceVersionDate "2021.10.24"]
[SourceQuality "1"]

1. e4 c6 2. d4 d5 3. e5 Bf5 4. Nf3 e6 5. Be2 Nd7 6. 0-0 h6 7. Nbd2 Ne7 8. Nb3 Bg6 9. Bd2 Nf5 10. Rc1 Be7 11. c4 dxc4 12. Na5 Rb8 13. Nxc4 Nb6 14. Ba5 Bh5 15. Qd3 Qd5 16. Nxb6 Qxa5 17. Nc4 Qd8 18. Rfd1 0-0 19. h3 Bg5 20. Nxg5 Bxe2 21. Qxe2 Qxg5 22. Ne3 Rfd8 23. Nxf5 Qxf5 24. Rc5 Rd7 25. b3 Rbd8 26. Qe3 Qg5 27. a4 Qe7 28. b4 a5 29. Qc3 axb4 30. Qxb4 g6 31. Rd3 Kg7 32. Rd1 h5 33. a5 Qg5 34. Rc4 Qf4 35. Qb6 Qe4 36. Qb4 1/2-1/2

[Event "SD-2015-0-00226"]
[Site "LSS email"]
[Date "2015.05.23"]
[Round "?"]
[White "Drobotov, Gennady Sergeevich"]
[Black "Hansen, Michael Bo"]
[Result "0-1"]
[WhiteElo "1547"]
[BlackElo "1777"]
[PlyCount "60"]
[EventDate "2015.04.25"]
[EventType "tourn (corr)"]
[EventRounds "6"]
[EventCountry "GER"]
[SourceTitle "Corr 2022"]
[Source "ChessBase"]
[SourceDate "2021.10.24"]
[SourceVersion "1"]
[SourceVersionDate "2021.10.24"]
[SourceQuality "1"]

1. d4 Nf6 2. c4 e6 3. a3 d5 4. e3 b6 5. Nc3 Bd6 6. cxd5 exd5 7. Nf3 0-0 8. Be2 Re8 9. 0-0 c6 10. Qc2 Nbd7 11. b3 Qe7 12. Rd1 Bb7 13. h3 a6 14. Bb2 h6 15. Nh4 g6 16. Bd3 Ne4 17. Nf3 f5 18. b4 Ng5 19. Nxg5 hxg5 20. g3 Kg7 21. Bf1 Nf6 22. Re1 Rh8 23. Bg2 Rh5 24. Rad1 Rah8 25. Ne2 Kg8 26. Kf1 Qh7 27. Ng1 g4 28. h4 g5 29. hxg5 Ne4 30. g6 Qxg6 0-1

[Event "RD-2015-0-00113"]
[Site "LSS email"]
[Date "2015.05.21"]
[Round "?"]
[White "Drobotov, Gennady Sergeevich"]
[Black "Hansen, Michael Bo"]
[Result "1/2-1/2"]
[WhiteElo "1560"]
[BlackElo "800"]
[PlyCount "54"]
[EventDate "2014.12.25"]
[EventType "tourn (corr)"]
[EventRounds "6"]
[EventCountry "GER"]
[SourceTitle "Corr 2022"]
[Source "ChessBase"]
[SourceDate "2021.10.24"]
[SourceVersion "1"]
[SourceVersionDate "2021.10.24"]
[SourceQuality "1"]

1. d4 Nf6 2. c4 e6 3. Nf3 d5 4. Nc3 c6 5. e3 Nbd7 6. Bd3 dxc4 7. Bxc4 b5 8. Bd3 Bd6 9. a3 Bb7 10. 0-0 0-0 11. Qc2 a5 12. Ng5 h6 13. Nge4 Nxe4 14. Nxe4 Be7 15. Bd2 c5 16. Bxb5 cxd4 17. exd4 Nf6 18. Nc5 Qd5 19. Nxb7 Qxb5 20. Nc5 Rfd8 21. Be3 Nd5 22. a4 Qb6 23. Rac1 Rac8 24. Bd2 Bf6 25. Qb3 Bxd4 26. Qxb6 Nxb6 27. Bxa5 Bxc5 1/2-1/2